Evaluation of sentinel lymph node biopsy after neoadjuvant chemotherapy in stage III carcinoma breast (Record no. 878590)

MARC details
000 -LEADER
fixed length control field 00962nam a2200277Ia 4500
003 - CONTROL NUMBER IDENTIFIER
control field OSt
005 - DATE AND TIME OF LATEST TRANSACTION
control field 20220930085233.0
008 - FIXED-LENGTH DATA ELEMENTS--GENERAL INFORMATION
fixed length control field 220926b |||||||| |||| 00| 0 eng d
037 ## - SOURCE OF ACQUISITION
Terms of availability Theses
040 ## - CATALOGING SOURCE
Original cataloging agency CRL
Transcribing agency CRL
Language of cataloging eng
041 ## - LANGUAGE CODE
Source of code eng
Language code of text/sound track or separate title eng
100 ## - MAIN ENTRY--PERSONAL NAME
Personal name Apurva Prakash
9 (RLIN) 539783
110 ## - MAIN ENTRY--CORPORATE NAME
Corporate name or jurisdiction name as entry element University of Delhi. Faculty of Medical Sciences. Department of Surgery
245 #0 - TITLE STATEMENT
Title Evaluation of sentinel lymph node biopsy after neoadjuvant chemotherapy in stage III carcinoma breast
260 ## - PUBLICATION, DISTRIBUTION, ETC.
Date of publication, distribution, etc. 2007
650 ## - SUBJECT ADDED ENTRY--TOPICAL TERM
Topical term or geographic name entry element SURGERY
700 ## - ADDED ENTRY--PERSONAL NAME
Personal name Dr. P. K. Bishnoi Gu.
9 (RLIN) 532733
700 ## - ADDED ENTRY--PERSONAL NAME
Personal name Dr. Shaji Thomas Gu.
9 (RLIN) 536836
700 ## - ADDED ENTRY--PERSONAL NAME
Personal name Dr. Shilpi Agrawal Gu.
9 (RLIN) 539784
700 ## - ADDED ENTRY--PERSONAL NAME
Personal name University of Delhi. Faculty of Medical Sciences. Department of Surgery
942 ## - ADDED ENTRY ELEMENTS (KOHA)
Koha item type Dissertations
Source of classification or shelving scheme Colon Classification (CC)

No items available.

Copyright @ Delhi University Library System